[Event "Superettan(Upsala-Vaxjo)"]
[Site "?"]
[Date "2023.03.11"]
[Round "8"]
[White "Dolata, Henryk"]
[Black "Olofsson-Dolk, Mattis"]
[Result "1/2-1/2"]
[WhiteElo "2072"]
[BlackElo "2201"]
[PlyCount "56"]
[SourceVersionDate "2023.03.29"]

1. c4 c5 2. Nc3 Nc6 3. g3 g6 4. Bg2 Bg7 5. d3 d6 6. e4 e6 7. Nge2 Nge7 8. O-O
O-O 9. Be3 Nd4 10. Qd2 Nec6 11. Bh6 a6 12. Bxg7 Kxg7 13. f4 e5 14. Rf2 Nxe2+
15. Nxe2 f6 16. h3 Nd4 17. Nxd4 cxd4 18. Raf1 Be6 19. f5 Bd7 20. h4 Rf7 21. Bh3
Qe7 22. Kh2 Raf8 23. Rg1 Qd8 24. b3 Rg8 25. Qb4 Qc7 26. Qd2 Qd8 27. Qb4 Qc7 28.
Qd2 Qd8 1/2-1/2

[Event "Superettan(Orgryte-SS 4 Springare)"]
[Site "?"]
[Date "2023.03.11"]
[Round "8"]
[White "Galperin, Platon"]
[Black "Vitenberg, Noam Aviv"]
[Result "1/2-1/2"]
[WhiteElo "2534"]
[BlackElo "2308"]
[PlyCount "79"]
[SourceVersionDate "2023.03.29"]

1. d4 d5 2. c4 e6 3. Nf3 Nf6 4. g3 dxc4 5. Bg2 a6 6. O-O Nc6 7. e3 Rb8 8. Nfd2
e5 9. Bxc6+ bxc6 10. dxe5 Nd5 11. Nxc4 Bh3 12. Qa4 Bxf1 13. Qxc6+ Ke7 14. Qc5+
Ke8 15. Qc6+ Ke7 16. Kxf1 Nb4 17. Qe4 Qd1+ 18. Kg2 Qxc1 19. Nc3 Qxa1 20. a3 Kd8
21. axb4 Bxb4 22. e6 fxe6 23. Qxe6 Bxc3 24. Qd5+ Kc8 25. Nd6+ cxd6 26. Qc6+ Kd8
27. Qxd6+ Ke8 28. Qxb8+ Kd7 29. Qb7+ Ke6 30. Qc6+ Kf7 31. Qd5+ Ke7 32. Qc5+ Kd7
33. Qd5+ Kc7 34. Qc5+ Kb7 35. Qd5+ Kb6 36. Qb3+ Ka7 37. Qf7+ Kb8 38. Qb3+ Ka8
39. Qd5+ Kb8 40. Qb3+ 1/2-1/2

[Event "Superettan(Rockaden,Sthlm II-Burgsvik)"]
[Site "?"]
[Date "2023.03.11"]
[Round "8"]
[White "Haitin, Ilja"]
[Black "Bator, Robert"]
[Result "1/2-1/2"]
[WhiteElo "2337"]
[BlackElo "2343"]
[PlyCount "32"]
[SourceVersionDate "2023.03.29"]

1. Nf3 d5 2. e3 Nf6 3. b3 e6 4. Bb2 Be7 5. d4 a5 6. a3 O-O 7. Nbd2 b6 8. Bd3 c5
9. c4 a4 10. bxa4 Bd7 11. O-O Bxa4 12. Qe2 Nc6 13. Rfc1 cxd4 14. Nxd4 Nxd4 15.
Bxd4 Bc6 16. Rcb1 Bc5 1/2-1/2

[Event "Superettan(Orgryte-SS 4 Springare)"]
[Site "?"]
[Date "2023.03.11"]
[Round "8"]
[White "Abdrlauf, Elham"]
[Black "Sivuk, Vitalii"]
[Result "0-1"]
[WhiteElo "2518"]
[BlackElo "2527"]
[PlyCount "66"]
[EventDate "2023.??.??"]
[SourceVersionDate "2023.03.29"]

1. e4 e5 2. Nc3 Nf6 3. Bc4 Bc5 4. d3 c6 5. f4 exf4 6. d4 Bb4 7. Bd3 d5 8. e5
Bg4 9. Nge2 Nh5 10. O-O g5 11. Bd2 Be7 12. Qe1 Nd7 13. Qf2 Be6 14. g3 fxg3 15.
hxg3 Ng7 16. Nd1 h5 17. Ne3 Nf8 18. c4 Ng6 19. cxd5 cxd5 20. Bb5+ Kf8 21. Bd3
Kg8 22. Nc3 h4 23. Qf3 hxg3 24. Ncxd5 Nf4 25. Nxf4 gxf4 26. Nc2 Rc8 27. Bc3 Bg5
28. Rad1 Qd7 29. d5 Bg4 30. Qe4 Bxd1 31. Rxd1 Qh3 32. Qf3 Qh2+ 33. Kf1 Qh1+ 0-1

[Event "Superettan(Rockaden,Sthlm II-Burgsvik)"]
[Site "?"]
[Date "2023.03.11"]
[Round "8"]
[White "Berovski, Krum"]
[Black "Schandorff, Lars"]
[Result "0-1"]
[WhiteElo "2351"]
[BlackElo "2482"]
[PlyCount "86"]
[SourceVersionDate "2023.03.29"]

1. d4 Nf6 2. c4 e6 3. Nc3 Bb4 4. e3 b6 5. Bd3 Bb7 6. Nge2 Bxg2 7. Rg1 Bf3 8.
Qb3 Bd6 9. Ng3 Nc6 10. Bd2 O-O 11. Nb5 Be7 12. e4 a6 13. e5 axb5 14. exf6 Bxf6
15. Bxh7+ Kxh7 16. Qxf3 Nxd4 17. Qd3+ Nf5 18. Nxf5 exf5 19. Qxf5+ Kg8 20. Qxb5
Qe7+ 21. Kf1 Qd6 22. Be3 Qd3+ 23. Kg2 Qe4+ 24. Kf1 Qd3+ 25. Kg2 Qe4+ 26. Kf1
Ra5 27. Qb3 d5 28. cxd5 Rxd5 29. Re1 Qf5 30. Bc1 Rfd8 31. Rg3 Re5 32. Rxe5 Qxe5
33. Qc2 c5 34. Kg2 Qd5+ 35. Rf3 Qxa2 36. Qf5 Qd5 37. Qxd5 Rxd5 38. Rb3 Bd8 39.
Ra3 Bg5 40. Ra8+ Kh7 41. Bxg5 Rxg5+ 42. Kf3 Rh5 43. Rd8 Rh3+ 0-1

[Event "Superettan(Orgryte-SS 4 Springare)"]
[Site "?"]
[Date "2023.03.11"]
[Round "8"]
[White "Peng, Li Min"]
[Black "Olsson, William"]
[Result "1-0"]
[WhiteElo "2520"]
[BlackElo "2298"]
[PlyCount "65"]
[SourceVersionDate "2023.03.29"]

1. e4 c5 2. b4 cxb4 3. a3 bxa3 4. d4 g6 5. Bd3 Bg7 6. c3 Nf6 7. e5 Nd5 8. f4 d6
9. Nf3 O-O 10. O-O Nc6 11. Qe1 Bg4 12. Nxa3 Rc8 13. Bd2 Nb6 14. Qh4 Bxf3 15.
Rxf3 e6 16. Qf2 a6 17. Rb1 Na5 18. g4 Nbc4 19. Nxc4 Nxc4 20. Bc1 dxe5 21. fxe5
b5 22. Bxc4 Rxc4 23. Ba3 Re8 24. Rf1 Rc7 25. Bd6 Rd7 26. Rxf7 Bh6 27. Qf3 Kh8
28. Qc6 Rxf7 29. Rxf7 Qc8 30. Qf3 Bg7 31. Ra7 Qd8 32. Be7 Qb8 33. Qf7 1-0

[Event "Superettan(Rockaden,Sthlm II-Burgsvik)"]
[Site "?"]
[Date "2023.03.11"]
[Round "8"]
[White "Persson, Mats"]
[Black "Kenneskog, Theodor"]
[Result "1/2-1/2"]
[WhiteElo "2323"]
[BlackElo "2318"]
[PlyCount "66"]
[SourceVersionDate "2023.03.29"]

1. e4 c5 2. Nf3 d6 3. Bb5+ Nd7 4. O-O a6 5. Bd3 Ngf6 6. c3 b5 7. Bc2 c4 8. b3
Bb7 9. Qe2 Rc8 10. bxc4 bxc4 11. Na3 Qc7 12. Rb1 Ba8 13. Rb4 d5 14. e5 Nh5 15.
e6 fxe6 16. Qxe6 Nf4 17. Qxa6 e5 18. Nb5 Qc6 19. Qxc6 Bxc6 20. Rb1 Bc5 21. a4
O-O 22. Ba3 Bxb5 23. Bxc5 Bxa4 24. Bxf8 Bxc2 25. Bd6 Bxb1 26. Rxb1 Nd3 27. Rb5
Rc6 28. Be7 Rb6 29. Rxb6 Nxb6 30. Bd6 Nd7 31. Be7 Kf7 32. Bg5 Ke6 33. Kf1 h6
1/2-1/2

[Event "Superettan(Orgryte-SS 4 Springare)"]
[Site "?"]
[Date "2023.03.11"]
[Round "8"]
[White "Frisk Kockum, Anton"]
[Black "Poley, Vladimir"]
[Result "0-1"]
[WhiteElo "2331"]
[BlackElo "2318"]
[PlyCount "84"]
[SourceVersionDate "2023.03.29"]

1. d4 g6 2. e4 Bg7 3. Nc3 d5 4. exd5 Nf6 5. Bc4 O-O 6. Nge2 Nbd7 7. Bb3 Nb6 8.
Nf4 Bf5 9. O-O h6 10. Be3 Qd7 11. h3 g5 12. Nh5 Nfxd5 13. Nxd5 Nxd5 14. Nxg7
Kxg7 15. Qf3 c6 16. Rad1 Rad8 17. Rfe1 Bg6 18. Bc1 e6 19. h4 gxh4 20. c4 Ne7
21. d5 exd5 22. cxd5 Nxd5 23. Bxd5 cxd5 24. Qf4 Kg8 25. Qxh4 Rfe8 26. Bxh6 Qf5
27. Qd4 f6 28. Qxa7 Rxe1+ 29. Rxe1 Rd7 30. Qd4 Rh7 31. Bd2 Rg7 32. Bc3 Bh5 33.
f3 Bxf3 34. Kf2 Be4+ 35. Ke3 Rg3+ 36. Kd2 Rd3+ 37. Qxd3 Bxd3 38. Re8+ Kf7 39.
Re3 Be4 40. Re2 Qg5+ 41. Ke1 Bxg2 42. Bd4 Qc1+ 0-1

[Event "Superettan(Rockaden,Sthlm II-Burgsvik)"]
[Site "?"]
[Date "2023.03.11"]
[Round "8"]
[White "Hedman, Erik"]
[Black "Andersson, Tommy"]
[Result "1-0"]
[WhiteElo "2314"]
[BlackElo "2378"]
[PlyCount "119"]
[SourceVersionDate "2023.03.29"]

1. e4 c5 2. Nf3 d6 3. d4 cxd4 4. Nxd4 Nf6 5. Nc3 a6 6. Rg1 Nc6 7. g4 e6 8. g5
Nd7 9. Be3 Be7 10. h4 Qc7 11. Nxc6 bxc6 12. Qf3 Rb8 13. O-O-O Qa5 14. Rd4 c5
15. Ra4 Qb6 16. b3 Qc6 17. Qg3 Nb6 18. Ra5 c4 19. Bd4 O-O 20. f4 cxb3 21. axb3
Bd8 22. f5 Nd7 23. Ra4 Ne5 24. f6 Bb6 25. fxg7 Rd8 26. h5 Bxd4 27. Rxd4 Qc5 28.
Rd2 Kxg7 29. Rgg2 Kf8 30. Kb2 Bd7 31. Qf4 Rdc8 32. Rg3 Ke8 33. Qf6 Bb5 34.
Bxb5+ axb5 35. g6 Ra8 36. gxf7+ Kd7 37. Nb1 b4 38. Rg7 Rf8 39. Rxh7 Qa5 40. Kc1
Qc5 41. Rh6 Rxf7 42. Qxe6+ Kc7 43. Qxd6+ Qxd6 44. Rhxd6 Re8 45. R6d4 Nc6 46.
Rc4 Rf4 47. Rh2 Rf1+ 48. Kb2 Rd8 49. h6 Rdd1 50. Nd2 Rh1 51. Rxh1 Rxh1 52. Nf3
Kb6 53. Nd4 Ne5 54. Rxb4+ Kc5 55. Ra4 Rxh6 56. Nf5 Re6 57. Kc3 Re8 58. Ra5+ Kb6
59. Nd6 Re6 60. Rxe5 1-0

[Event "Superettan(Orgryte-SS 4 Springare)"]
[Site "?"]
[Date "2023.03.11"]
[Round "8"]
[White "Mattsson, Michael"]
[Black "Kumar, Rahul"]
[Result "0-1"]
[WhiteElo "2025"]
[BlackElo "2212"]
[PlyCount "146"]
[SourceVersionDate "2023.03.29"]

1. e4 d6 2. d4 g6 3. Nc3 Bg7 4. Be3 a6 5. Qd2 Nd7 6. h4 Ngf6 7. f3 b5 8. O-O-O
Nb6 9. Bh6 Kf8 10. b3 Kg8 11. Bxg7 Kxg7 12. g4 h5 13. g5 Ng8 14. Nge2 e6 15.
Nf4 Ne7 16. d5 e5 17. Ng2 Rf8 18. f4 b4 19. Nb1 a5 20. c3 f5 21. gxf6+ Rxf6 22.
fxe5 dxe5 23. Qg5 Bg4 24. Rd2 Qd6 25. Ne3 Raf8 26. Be2 Bf3 27. Bxf3 Rxf3 28.
cxb4 axb4 29. Rc2 R8f4 30. Nf5+ Nxf5 31. Rc6 Rg4 32. Rxd6 Rxg5 33. Rxb6 cxb6
34. hxg5 Ng3 35. Rh4 Rf2 36. Nd2 Ne2+ 37. Kd1 Nc3+ 38. Kc2 Nxa2 39. Rh1 Nc3 40.
Kd3 b5 41. Ra1 h4 42. Ra7+ Kf8 43. Ra8+ Ke7 44. Ra7+ Kf8 45. Ra8+ Ke7 46. Ra7+
Ke8 47. Ra8+ Kd7 48. Ra7+ Kc8 49. Ra8+ Kb7 50. Rh8 Rg2 51. Rh7+ Kc8 52. Rh8+
Kd7 53. Rh7+ Kd6 54. Nf3 Na2 55. Nxh4 Nc1+ 56. Ke3 Rxg5 57. Rb7 Nxb3 58. Rb6+
Kc7 59. Rxg6 Rxg6 60. Nxg6 Kd6 61. Nh8 Ke7 62. Ng6+ Kf6 63. Nh4 Nc5 64. Nf3 b3
65. Nd2 b2 66. Nb1 b4 67. Nd2 Ke7 68. Nb1 Kd7 69. Nd2 Kc7 70. Nb1 Kb6 71. Nd2
Kb5 72. Nb1 Kc4 73. d6 Kb3 0-1

[Event "Superettan(Rockaden,Sthlm II-Burgsvik)"]
[Site "?"]
[Date "2023.03.11"]
[Round "8"]
[White "Andersson, Bjorn"]
[Black "Crevatin, Leo"]
[Result "0-1"]
[WhiteElo "2172"]
[BlackElo "2313"]
[PlyCount "46"]
[SourceVersionDate "2023.03.29"]

1. e4 c6 2. d4 d5 3. e5 c5 4. dxc5 e6 5. Be3 Nd7 6. Bb5 Ne7 7. f4 Nf5 8. Bf2
Qa5+ 9. Nc3 a6 10. g4 d4 11. gxf5 dxc3 12. Bxd7+ Bxd7 13. b4 Qxb4 14. Ne2 Qe4
15. Rg1 Bb5 16. fxe6 Rd8 17. Qxd8+ Kxd8 18. O-O-O+ Kc8 19. Nxc3 Qxf4+ 20. Rd2
fxe6 21. Re1 Bc6 22. Bd4 Be7 23. Be3 Qc4 0-1

[Event "Superettan(Orgryte-SS 4 Springare)"]
[Site "?"]
[Date "2023.03.11"]
[Round "8"]
[White "Torngren, Gustav"]
[Black "Seiger, Vidar"]
[Result "1-0"]
[WhiteElo "2257"]
[BlackElo "1586"]
[PlyCount "107"]
[SourceVersionDate "2023.03.29"]

1. c4 Nf6 2. Nc3 g6 3. e4 d6 4. d4 Bg7 5. Nf3 O-O 6. Be2 Na6 7. Be3 e5 8. d5
Nc5 9. Nd2 a5 10. a3 a4 11. Bxc5 dxc5 12. Nxa4 b6 13. Nc3 Nd7 14. O-O f5 15. b4
Qe7 16. Qb3 Bh6 17. Rad1 Nf6 18. Bf3 f4 19. Nb5 g5 20. h3 Bg7 21. Bg4 Nxg4 22.
hxg4 Bxg4 23. f3 Bc8 24. Kf2 g4 25. Rh1 Rf7 26. Rh5 Qf6 27. Rdh1 h6 28. bxc5
bxc5 29. Qd1 g3+ 30. Ke2 c6 31. dxc6 Qxc6 32. Qc2 Be6 33. Rd1 Rd7 34. Rhh1 Qa6
35. Nb1 Rxd1 36. Rxd1 Qa4 37. Qxa4 Rxa4 38. Nd2 Bxc4+ 39. Nxc4 Rxc4 40. Kd3 Ra4
41. Kc3 Bf8 42. Kb3 Ra5 43. Kc4 h5 44. Rh1 Kf7 45. Rxh5 Ke6 46. Rh8 Be7 47.
Rh6+ Kd7 48. Rb6 Bf8 49. Kd5 c4 50. Kxc4 Bxa3 51. Kd5 Bb2 52. Rb7+ Kc8 53. Kc6
Ba3 54. Ra7 1-0

[Event "Superettan(Rockaden,Sthlm II-Burgsvik)"]
[Site "?"]
[Date "2023.03.11"]
[Round "8"]
[White "Bryntze, Stefan"]
[Black "Hakansson, Rustan"]
[Result "1-0"]
[WhiteElo "2226"]
[BlackElo "1928"]
[PlyCount "61"]
[SourceVersionDate "2023.03.29"]

1. f4 c5 2. b3 d5 3. e3 a6 4. Bb2 Nc6 5. Nf3 Nf6 6. Be2 b5 7. a4 b4 8. O-O Bb7
9. Qe1 e6 10. Qg3 Qd7 11. d3 O-O-O 12. Nbd2 Ne8 13. c3 f6 14. Rfc1 Kb8 15. d4
cxd4 16. Nxd4 Nxd4 17. exd4 bxc3 18. Bxc3 Bd6 19. Qe3 h5 20. b4 g5 21. fxg5
fxg5 22. b5 Bf4 23. Qd3 Nc7 24. Ba5 Rc8 25. Rcb1 axb5 26. axb5 Ne8 27. Nb3 Bd6
28. Bb6 Rc4 29. Nc5 Bxh2+ 30. Kxh2 Qd6+ 31. Kh1 1-0

[Event "Superettan(Orgryte-SS 4 Springare)"]
[Site "?"]
[Date "2023.03.11"]
[Round "8"]
[White "Religa, Marek"]
[Black "Anderzen, Robert"]
[Result "1/2-1/2"]
[WhiteElo "1797"]
[BlackElo "2100"]
[PlyCount "82"]
[SourceVersionDate "2023.03.29"]

1. e4 c5 2. c4 Nc6 3. Nc3 g6 4. g3 Bg7 5. Bg2 e6 6. Nge2 Nge7 7. O-O O-O 8. Rb1
b6 9. a3 Bb7 10. b4 d6 11. d3 Qd7 12. Bg5 h6 13. Be3 Nd4 14. Qd2 Kh7 15. f4 f5
16. Bf2 Rac8 17. Rfd1 e5 18. b5 Rf7 19. Rf1 Rcf8 20. Be3 Ng8 21. exf5 gxf5 22.
Nd5 Nf6 23. Nxf6+ Rxf6 24. Nc3 Ne6 25. Nd5 R6f7 26. a4 Ba8 27. a5 Nc7 28. Nxc7
Qxc7 29. axb6 axb6 30. Ra1 Bxg2 31. Qxg2 exf4 32. Bxf4 Bxa1 33. Rxa1 Qe7 34.
Qd5 Qf6 35. Re1 Re7 36. Rxe7+ Qxe7 37. Bxd6 Qe1+ 38. Kg2 Qe2+ 39. Kg1 Qe1+ 40.
Kg2 Qe2+ 41. Kg1 Qe1+ 1/2-1/2

[Event "Superettan(Rockaden,Sthlm II-Burgsvik)"]
[Site "?"]
[Date "2023.03.11"]
[Round "8"]
[White "Packalen, Marcus"]
[Black "Eriksson, Dan"]
[Result "0-1"]
[WhiteElo "2124"]
[BlackElo "2243"]
[PlyCount "38"]
[SourceVersionDate "2023.03.29"]

1. e4 e5 2. Nf3 Nc6 3. Bb5 a6 4. Ba4 Nf6 5. O-O Be7 6. Bxc6 dxc6 7. Qe1 Be6 8.
d3 Nd7 9. b3 Bg4 10. Nbd2 Bb4 11. Bb2 Bxf3 12. gxf3 Qg5+ 13. Kh1 Qxd2 14. Qxd2
Bxd2 15. Rg1 Rg8 16. Rad1 Bf4 17. d4 O-O-O 18. dxe5 Nxe5 19. Rxd8+ Kxd8 0-1

[Event "Superettan(Orgryte-SS 4 Springare)"]
[Site "?"]
[Date "2023.03.11"]
[Round "8"]
[White "Arnelind, Mikael"]
[Black "Horta, Hector"]
[Result "1-0"]
[WhiteElo "2195"]
[BlackElo "1864"]
[PlyCount "83"]
[SourceVersionDate "2023.03.29"]

1. d4 g6 2. e4 Bg7 3. Nf3 c5 4. dxc5 Qa5+ 5. c3 Qxc5 6. Na3 b6 7. Nb5 Bb7 8.
Be3 Qc8 9. Bd3 Nf6 10. Qc2 O-O 11. O-O Nc6 12. Rfe1 d6 13. h3 Qd7 14. Rad1 Rac8
15. Qe2 a6 16. Nbd4 b5 17. Bc1 Qc7 18. Nxc6 Bxc6 19. Nd4 Bb7 20. Kh1 Nd7 21.
Bb1 Nc5 22. Bg5 Rfe8 23. Qe3 Nd7 24. Bh6 Ne5 25. Bxg7 Kxg7 26. Qg5 e6 27. Re2
f6 28. Qg3 Nf7 29. Rde1 Kh8 30. Qh4 Kg7 31. Bc2 Nd8 32. Bb3 Qc5 33. Qg4 h5 34.
Qg3 Kh7 35. Bc2 Rg8 36. Rd2 Qc7 37. Qh4 Qe7 38. e5 Rf8 39. Qxh5+ Kg8 40. Qxg6+
Qg7 41. Qxg7+ Kxg7 42. exd6 1-0

[Event "Superettan(Rockaden,Sthlm II-Burgsvik)"]
[Site "?"]
[Date "2023.03.11"]
[Round "8"]
[White "Nikolic, Vladan"]
[Black "Tuvesson, Mats"]
[Result "1-0"]
[WhiteElo "2188"]
[BlackElo "2037"]
[PlyCount "83"]
[SourceVersionDate "2023.03.29"]

1. d4 Nf6 2. c4 c5 3. d5 b5 4. cxb5 a6 5. bxa6 Bxa6 6. Nc3 d6 7. e4 Bxf1 8.
Kxf1 g6 9. g3 Bg7 10. Kg2 O-O 11. Nf3 Nbd7 12. Qc2 Qa5 13. Bd2 Qa6 14. a4 Rfb8
15. Nb5 Qb7 16. Bc3 Ne8 17. Rhe1 Nc7 18. Nxc7 Qxc7 19. Bxg7 Kxg7 20. Qc3+ Kg8
21. Nd4 Rb7 22. Nb5 Qa5 23. Qxa5 Rxa5 24. b3 f6 25. f4 Ra6 26. Rac1 Nb6 27. e5
fxe5 28. fxe5 Nxd5 29. Rcd1 Nb4 30. exd6 exd6 31. Nxd6 Rd7 32. Ne4 Rxd1 33.
Rxd1 c4 34. bxc4 Rxa4 35. Rd8+ Kg7 36. Rd7+ Kf8 37. Rxh7 Nc2 38. Kf3 Rxc4 39.
Kf4 Nd4 40. Kg5 Nf3+ 41. Kxg6 Nxh2 42. Nf6 1-0

[Event "Superettan(Kamraterna-Lulea)"]
[Site "?"]
[Date "2023.03.11"]
[Round "8"]
[White "Hermansson, Emil"]
[Black "Aberg, Anton"]
[Result "1/2-1/2"]
[WhiteElo "2433"]
[BlackElo "2318"]
[PlyCount "81"]
[SourceVersionDate "2023.03.28"]

1. e4 e6 2. d4 d5 3. Nc3 dxe4 4. Nxe4 Nd7 5. Nf3 Ngf6 6. Bd3 Nxe4 7. Bxe4 Nf6
8. Bg5 Be7 9. Bxf6 Bxf6 10. Qd3 Qd6 11. O-O-O Bd7 12. Ne5 Bxe5 13. dxe5 Qxd3
14. Rxd3 O-O-O 15. Rhd1 c6 16. Ra3 a6 17. Rf3 Rdf8 18. Rg3 Rfg8 19. Rgd3 Rd8
20. Rd6 Kc7 21. c4 f6 22. f4 fxe5 23. fxe5 h6 24. Kd2 Rhf8 25. Ke3 Bc8 26. c5
Rde8 27. Bg6 Re7 28. h4 Bd7 29. h5 Rb8 30. b3 b6 31. cxb6+ Rxb6 32. Bd3 a5 33.
Bc4 Rb8 34. Rf1 Rg8 35. Bd3 Rb8 36. Rd4 Rb4 37. Bc4 Rb8 38. Rdf4 Be8 39. g4 Rd8
40. Rf8 c5 41. R8f4 1/2-1/2

[Event "Superettan(Upsala-Vaxjo)"]
[Site "?"]
[Date "2023.03.11"]
[Round "8"]
[White "Solodovnichenko, Yuri"]
[Black "Johansson, Jan"]
[Result "1-0"]
[WhiteElo "2514"]
[BlackElo "2289"]
[PlyCount "69"]
[SourceVersionDate "2023.03.29"]

1. e4 d6 2. d4 Nf6 3. Nc3 e5 4. Nf3 Nbd7 5. Bc4 Be7 6. a4 O-O 7. O-O c6 8. h3
a5 9. Re1 exd4 10. Qxd4 Nc5 11. Bf4 Ne6 12. Bxe6 Bxe6 13. Rad1 d5 14. exd5 cxd5
15. Be5 h6 16. Re2 Rc8 17. Qa7 Nd7 18. Nxd5 Bc5 19. Qxb7 Nxe5 20. Nxe5 Rb8 21.
Qc6 Rc8 22. Nc3 Qg5 23. Qf3 Rfd8 24. Rxd8+ Rxd8 25. Nd3 Bb4 26. Ne4 Qd5 27. Kh2
Be7 28. Nf4 Qe5 29. Ng3 Qxb2 30. Nxe6 fxe6 31. Rxe6 Bd6 32. Qe4 Qc3 33. f4 Qb4
34. c4 Qxa4 35. Qd5 1-0

[Event "Superettan(Vasteras II-Orebro)"]
[Site "?"]
[Date "2023.03.11"]
[Round "8"]
[White "Lundin, Jan"]
[Black "Adahl, Mattias"]
[Result "1-0"]
[WhiteElo "2209"]
[BlackElo "2109"]
[PlyCount "75"]
[SourceVersionDate "2023.03.29"]

1. e4 c5 2. Nc3 d6 3. g3 Nc6 4. Bg2 g6 5. d3 Bg7 6. f4 Nf6 7. Nf3 O-O 8. O-O
Rb8 9. h3 b5 10. a3 Nd7 11. Ne2 Qb6 12. Kh2 a5 13. Rb1 b4 14. axb4 cxb4 15. b3
Ba6 16. Bb2 Rfc8 17. Bxg7 Kxg7 18. Nd2 Nd4 19. Nc4 Bxc4 20. dxc4 Nxe2 21. Qxe2
e5 22. Ra1 Nc5 23. Qf2 Rb7 24. f5 a4 25. bxa4 Kg8 26. h4 Ra8 27. Qd2 b3 28. a5
Qa6 29. cxb3 Rxb3 30. h5 Rb7 31. Qh6 Qxc4 32. Rf2 Kh8 33. Rc1 Qd4 34. fxg6 f6
35. Rxf6 Rg7 36. Rf7 Rxf7 37. gxf7 Nd7 38. Rc7 1-0

[Event "Superettan(Kamraterna-Lulea)"]
[Site "?"]
[Date "2023.03.11"]
[Round "8"]
[White "Hamark, Jesper"]
[Black "Ernst, Thomas"]
[Result "1/2-1/2"]
[WhiteElo "2344"]
[BlackElo "2273"]
[PlyCount "67"]
[SourceVersionDate "2023.03.28"]

1. e4 c5 2. Nc3 Nc6 3. Bb5 Nf6 4. Nf3 Nd4 5. e5 Nxb5 6. Nxb5 Nd5 7. Qe2 a6 8.
Nd6+ exd6 9. exd6+ Be7 10. O-O Nf4 11. Qe4 Ne6 12. dxe7 Qxe7 13. Re1 O-O 14. d4
cxd4 15. Nxd4 d6 16. Be3 Qc7 17. Nf5 d5 18. Qd3 Rd8 19. Rad1 Nc5 20. Bxc5 Bxf5
21. Qxf5 Qxc5 22. c3 Re8 23. h3 g6 24. Qd3 Qc4 25. Qxc4 dxc4 26. Kf1 Red8 27.
Rxd8+ Rxd8 28. Re7 b5 29. Ke2 Rd6 30. Rc7 Re6+ 31. Kd2 Rd6+ 32. Ke2 Re6+ 33.
Kd2 Rd6+ 34. Ke2 1/2-1/2

[Event "Superettan(Upsala-Vaxjo)"]
[Site "?"]
[Date "2023.03.11"]
[Round "8"]
[White "Wagner, Stephan"]
[Black "Golubka, Petro"]
[Result "1/2-1/2"]
[WhiteElo "2254"]
[BlackElo "2374"]
[PlyCount "84"]
[SourceVersionDate "2023.03.29"]

1. c4 e6 2. g3 c6 3. Bg2 d5 4. b3 dxc4 5. bxc4 Qd4 6. Nc3 Qxc4 7. Nf3 Nd7 8.
O-O Ngf6 9. Bb2 Bb4 10. d3 Qa6 11. Nd2 O-O 12. a4 Nd5 13. Nce4 b5 14. axb5 Qxb5
15. Nc4 a5 16. Qc1 h6 17. g4 e5 18. Ned6 Qb8 19. Nxc8 Rxc8 20. e3 N5b6 21. f4
Nxc4 22. Qxc4 Bd2 23. fxe5 Qxb2 24. Qxf7+ Kh8 25. Qxd7 Qxe5 26. Bxc6 Rab8 27.
Rab1 Bxe3+ 28. Kh1 Bc5 29. Qd5 Qxd5+ 30. Bxd5 a4 31. Rfc1 Rxb1 32. Rxb1 Rd8 33.
Bc4 a3 34. Rb5 Bd6 35. Rd5 Be7 36. Rxd8+ Bxd8 37. Kg2 g5 38. Kf3 Kg7 39. Ke4
Kf6 40. h3 Bc7 41. Bb3 Ke7 42. Kd5 Bg3 1/2-1/2

[Event "Superettan(Vasteras II-Orebro)"]
[Site "?"]
[Date "2023.03.11"]
[Round "8"]
[White "Nordebrink, Johan"]
[Black "Gruvaeus, Curt"]
[Result "1/2-1/2"]
[WhiteElo "2090"]
[BlackElo "2223"]
[PlyCount "38"]
[SourceVersionDate "2023.03.29"]

1. e4 g6 2. d4 Bg7 3. Nc3 d6 4. g3 Nf6 5. Bg2 O-O 6. Nge2 c5 7. dxc5 dxc5 8.
Qxd8 Rxd8 9. Be3 Na6 10. h3 e5 11. O-O Be6 12. Rfd1 b6 13. a3 Nc7 14. g4 Bc4
15. Ng3 Ne6 16. g5 Ne8 17. b3 Ba6 18. Nd5 Rd6 19. Rd2 Rad8 1/2-1/2

[Event "Superettan(Lulea-Rockaden, StockholmII)"]
[Site "?"]
[Date "2023.03.10"]
[Round "7"]
[White "Kenneskog, Theodor"]
[Black "Marklund, Niklas"]
[Result "1-0"]
[WhiteElo "2318"]
[BlackElo "2174"]
[PlyCount "159"]
[SourceVersionDate "2023.03.27"]

1. e4 c5 2. Nf3 d6 3. d4 cxd4 4. Nxd4 Nf6 5. Nc3 a6 6. f3 e5 7. Nb3 Be6 8. Be3
h5 9. Qd2 Nbd7 10. Nd5 Bxd5 11. exd5 g6 12. O-O-O Nb6 13. Kb1 Nfxd5 14. Bf2 Bh6
15. Qe1 Ne7 16. c4 Nd7 17. Rxd6 Qc7 18. c5 O-O 19. Qd1 Rfd8 20. Bc4 Nb6 21. Bd3
Rxd6 22. cxd6 Qxd6 23. Be4 Qc7 24. Qc2 Nc6 25. Na5 Rc8 26. Rd1 Nd4 27. Qxc7
Rxc7 28. Bxb7 Nd7 29. Bxa6 Nc5 30. Bf1 Nce6 31. Nc4 Bg7 32. Be3 f5 33. Re1 Nc5
34. Bd2 e4 35. Bf4 Rd7 36. Rd1 exf3 37. gxf3 Nxf3 38. Rxd7 Nxd7 39. Bg2 Nd4 40.
a4 Ne2 41. Bc7 g5 42. a5 Nd4 43. a6 Nb5 44. Bd8 Nb8 45. Nd6 Na7 46. Bb6 Be5 47.
Bd5+ Kh7 48. Nf7 Bxh2 49. Nxg5+ Kg6 50. Nf3 Bg3 51. Bxa7 Nxa6 52. Bc4 Nb4 53.
Bc5 Nc6 54. Bd5 Nb8 55. Be7 f4 56. Bd6 Nd7 57. Be6 Nf6 58. b4 Ne4 59. Be5 Ng5
60. Nxg5 Kxg5 61. b5 h4 62. b6 f3 63. Bd4 f2 64. Bh3 Kf4 65. Bf6 Ke3 66. b7 Ke2
67. Bxh4 Be5 68. Kc2 f1=Q 69. Bxf1+ Kxf1 70. Kd3 Kg2 71. Ke4 Bb8 72. Bf6 Kh3
73. Be5 Ba7 74. Bd4 Bb8 75. Kf5 Kg2 76. Ke6 Kf3 77. Kd7 Ke4 78. Kc8 Bd6 79. Bb6
Kd5 80. Bc7 1-0

[Event "Superettan(Orebro-SS 4 Springare)"]
[Site "?"]
[Date "2023.03.10"]
[Round "7"]
[White "Peng, Li Min"]
[Black "Backe, Peter"]
[Result "1-0"]
[WhiteElo "2520"]
[BlackElo "2228"]
[PlyCount "79"]
[SourceVersionDate "2023.03.28"]

1. Nc3 d5 2. Nf3 Nf6 3. d3 c5 4. g3 Nc6 5. Bg2 e6 6. O-O Be7 7. e4 O-O 8. Bf4
d4 9. Ne2 Nd7 10. a4 e5 11. Bd2 a5 12. Ne1 Nb6 13. f4 f5 14. exf5 Bxf5 15. h3
Qd7 16. g4 Be6 17. f5 Bd5 18. Ng3 c4 19. Bxd5+ Qxd5 20. Ne4 Bb4 21. Nf3 c3 22.
bxc3 dxc3 23. Be1 Nd4 24. Nxd4 exd4 25. Qf3 Rae8 26. f6 Nd7 27. Bh4 h6 28. Qg2
g5 29. Rf5 Re5 30. Rxe5 Qxe5 31. Bg3 Qe6 32. Re1 Qc6 33. Rf1 Nxf6 34. Nxf6+
Rxf6 35. Rxf6 Qxf6 36. Qxb7 Qe6 37. Qb8+ Bf8 38. Be5 h5 39. gxh5 Qxh3 40. Qb3+
1-0

[Event "Superettan(Lulea-Rockaden, StockholmII)"]
[Site "?"]
[Date "2023.03.10"]
[Round "7"]
[White "Pettersson, Tobias"]
[Black "Hedman, Erik"]
[Result "1/2-1/2"]
[WhiteElo "2111"]
[BlackElo "2314"]
[PlyCount "61"]
[SourceVersionDate "2023.03.27"]

1. d4 Nf6 2. Nf3 g6 3. Bg5 Bg7 4. Nbd2 O-O 5. c3 d6 6. e4 h6 7. Bh4 c5 8. dxc5
dxc5 9. Bc4 Nc6 10. O-O Nh5 11. a4 Qc7 12. Re1 a6 13. Qc2 Na5 14. Be2 c4 15.
Nf1 f5 16. Nd4 Nf4 17. exf5 Bxd4 18. cxd4 Bxf5 19. Qc3 Nd5 20. Bg3 Nxc3 21.
Bxc7 Nxe2+ 22. Rxe2 Nb3 23. Rae1 Nxd4 24. Rxe7 Nc6 25. R7e3 Rac8 26. Bb6 Nb4
27. Re7 Rf7 28. Re8+ Rf8 29. R8e7 Rf7 30. Re8+ Rf8 31. R8e7 1/2-1/2